Bettison and another v Langton and others (Record no. 67885)

MARC details
000 -LEADER
fixed length control field 01877cam a2200229 4500
001 - CONTROL NUMBER
control field ABS64304
008 - FIXED-LENGTH DATA ELEMENTS--GENERAL INFORMATION
fixed length control field 010803n2001 000 0 eng u
035 ## - SYSTEM CONTROL NUMBER
System control number (Sirsi) u113928
245 ## - TITLE STATEMENT
Title Bettison and another v Langton and others
260 ## - PUBLICATION, DISTRIBUTION, ETC.
Date of publication, distribution, etc. 2001
490 ## - SERIES STATEMENT
Series statement Weekly Law Reports
Volume/sequential designation [2001] 2 WLR 1605-1621(17)
520 ## - SUMMARY, ETC.
Summary, etc. HL 17 May 2001. In 1968 the owners of a farm, under the Commons Registration Act 1965, registered grazing rights on the adjacent Tawna Down for 10 cattle and 30 sheep. The first defendant bought the farm in 1985. In 1987 she sold the grazing rights to the plaintiffs, without a sale of of any part of the farm. In 1994 the second defendants purchased the farm and under the Law of Property Act 1925 s62 acquired any appurtenant rights which might still be attached to it. When the second defendants applied to register their ownership of the grazing rights, the plaintiffs' application to register their ownership of the rights was still outstanding. The plaintiffs brought proceedings in the county court claiming, inter alia, that they were the owners of the grazing rights. The CA upheld the CC's decision granting the declaration sought. The second and third defendants appealed to the HL. Appeal dismissed on the grounds that appurtenant grazing rights were severable from land under the Commons Registration Act 1965 S15. Copy of full judgement available on http://www.parliament.the-stationery-office.co.uk/pa/ld200001/ldjudgmt/jd010517/betti-1.htm.
590 ## - LOCAL NOTE (RLIN)
Local note ABS
650 ## - SUBJECT ADDED ENTRY--TOPICAL TERM
Topical term or geographic name entry element BETTISON AND ANOTHER V LANGTON AND OTHERS
650 ## - SUBJECT ADDED ENTRY--TOPICAL TERM
Topical term or geographic name entry element GRAZING RIGHTS
650 ## - SUBJECT ADDED ENTRY--TOPICAL TERM
Topical term or geographic name entry element COMMONS REGISTRATION ACT 1965 S15
650 ## - SUBJECT ADDED ENTRY--TOPICAL TERM
Topical term or geographic name entry element APPURTENANT RIGHTS
650 ## - SUBJECT ADDED ENTRY--TOPICAL TERM
Topical term or geographic name entry element RIGHTS OF COMMON
690 ## - LOCAL SUBJECT ADDED ENTRY--TOPICAL TERM (OCLC, RLIN)
Topical term or geographic name as entry element PROPERTY AND LAND LAW-CASE LAW
856 ## - ELECTRONIC LOCATION AND ACCESS
Uniform Resource Identifier <a href="https://www.parliament.the-stationery-office.co.uk/pa/ld200001/ldjudgmt/jd010517/betti-1.htm">https://www.parliament.the-stationery-office.co.uk/pa/ld200001/ldjudgmt/jd010517/betti-1.htm</a>
942 ## - ADDED ENTRY ELEMENTS (KOHA)
Suppress in OPAC 0
Holdings
Withdrawn status Lost status Source of classification or shelving scheme Damaged status Not for loan Home library Current library Shelving location Date acquired Total Checkouts Full call number Barcode Date last seen Copy number Price effective from Koha item type
    Dewey Decimal Classification     London London Journal article 03/08/2001   ABS64304 113928-1001 06/08/2019 1 06/08/2019 Law report